Регионална библиотека "Любен Каравелов" - Русе

Опашката на вампира (Запис номер 35519)

MARC детайли
000 -Лидер
Контролно поле с фиксирана дължина 01341nam a2200301 c 4500
003 - Код на организацията, давaща контролен номер
Контролно поле BLK
005 - Дата и час на последна редакция
Контролно поле 20180420220838.0
008 - Елементи от данни с фиксирана дължина
fixed length control field 180408b bul|||||r ||||||| ||bul||
010 ## - Наследен системен номер
LC control number KNG00038259000
040 ## - Източник на каталожния запис
Идентификатор на билиотеката - собственик на записа BLK
041 ## - Код за език
Код за езика на текст/звукозапис или на отделно заглавие Български
Код за езика КДБФ Български
080 ## - УДК
Текстов определител УДК Българска литература
УДК код - определител по УДК 821.163.2
УДК определител -32
УДК - код + определител 821.163.2-32
100 1# - Редна дума - Автор
Автор Делиева, Магдалина
Авторска отговорност първи автор
R(LIN) 274441
139 ## - Редно поле
Редна дума Делиева, Магдалина
Авторски знак Дели - Д 37
245 10 - Сведения за заглавието
Заглавие Опашката на вампира
Подзаглавни данни Докум.-худож. повест : За юноши
Редно поле (дума) Магдалина Делиева; худож. Георги Недялков; * Магдалина Делиева-Младенова.
257 ## - Страна на издаване
Страна на създаване/издаване България
260 ## - Област на издателските данни
-- Варна
Име на издателя, разпространителя и проч. Нар. младеж
Година на издаване 1990
Печатница Варна : Ст. Добрев - Странджата
300 ## - Физическа характеристика
Страници 120 с.
Илюстрации и др. с ил.
Размери/Мащаб 20 см
380 ## - Жанр
Жанр Худож. лит.
500 ## - Общи забележки
Забележка Пълното име на авт. е Магдалина Делиева-Младенова. - 1 290 тир.
700 1# - Други автори (авторска отговорност)
Лично име Недялков, Георги
Автороска отговорност (Описва отношението между автора и произведението) худож.
9 (RLIN) 274442
700 1# - Други автори (авторска отговорност)
Лично име Делиева-Младенова, Магдалина
Автороска отговорност (Описва отношението между автора и произведението) *
9 (RLIN) 59576
852 ## - Местоположение
Форматна сигнатура Цб 165799
856 4# - Електронен адрес и достъп
Електронен формат pdf - файл
Път до файла /url/
856 4# - Електронен адрес и достъп
Електронен формат pdf - файл
Път до файла /url/
942 ## - АРТИКУЛИ
Вид на библиотечния материал Книги
Скрит в OPAC Не
944 ## - СЪЗДАВАНЕ И РЕДАКЦИЯ на ЗАПИСА
Създаване/Редакция Създаване
Дата на регистрацията/редакция 16.03.2015
Служител, извършил регистрацията/редакцията Теодора_Стоянова
944 ## - СЪЗДАВАНЕ И РЕДАКЦИЯ на ЗАПИСА
Създаване/Редакция Редакция
Дата на регистрацията/редакция 16.03.2015
Служител, извършил регистрацията/редакцията Теодора_Стоянова
999 ## - СИСТЕМНИ КОНТРОЛНИ НОМЕРА
Koha biblionumber 35519
Koha biblioitemnumber 35519
Наличности
Код за отписване Код за изгубен артикул Източник на класификационната схема Код за повреда Коз за рестрикции Код за отдаване Артикулен № Име на библиотеката - собственик Име на библиотеката, в която се намира в момента Статус (Текущо местоположение) Дата на вписване в системата Местоположение - отдел Цена в лева Инвентарен номер Систематично азбучна сигнатура Баркод Номер на екземпляра Цена в евро Служебна бележка Служебен тип на артикула
  Не е изгубен Universal Decimal Classification Не е повреден без рестрикции ползва се в читалня 56157 Регионална библиотека "Любен Каравелов" Русе Регионална библиотека "Любен Каравелов" Русе Хранилище 1990-01-01 Хранилище 0.50 546595 Цб 165799 120000546595 1 0.26 Дост: Dp Вид: Сф N: стар фонд Дата: 01.01.1990 Книги
Изтеглен Не е изгубен Universal Decimal Classification Не е повреден без рестрикции заемане за дома 56158 Регионална библиотека "Любен Каравелов" Русе Регионална библиотека "Любен Каравелов" Русе Заемна - подръчен фонд 1990-01-01 Заемна - подръчен фонд 0.50 547445 П 886.7-32/Д 37 547445 2 0.26 Дост: Pk Вид: Сф N: стар фонд Дата: 01.01.1990 Дата инв: 13.02.2018 Бележки инв: П2018 Книги
Изтеглен Не е изгубен Universal Decimal Classification Не е повреден без рестрикции заемане за дома 56159 Регионална библиотека "Любен Каравелов" Русе Регионална библиотека "Любен Каравелов" Русе Детски отдел 1990-01-01 Детски отдел 0.50 584336 ДХ 886.7/Д 37 584336 3 0.26 Дост: Pk Вид: Сф N: стар фонд Дата: 01.01.1990 Дата инв: 04.08.2015 Бележки инв: Д2015 Книги
Vip Innovations Ltd, Rousse, Bulgaria 2025